| 000 | 00878nam a2200241Ia 4500 | ||
|---|---|---|---|
| 003 | GCL | ||
| 008 | 140319s9999 xx 000 0 ara d | ||
| 020 | _a6129208977 | ||
| 040 |
_aGCL / _cGCL |
||
| 082 | 0 | 4 |
_a956.9 _bج ف |
| 100 | 1 | _aجمال حمدان | |
| 245 | 1 | 0 |
_aفلسطينيات واسرائيليات / _cجمال حمدان |
| 700 | 1 | _aعبدالحميد صالح حمدان | |
| 260 |
_aالقاهرة : _bمكتبة مدبولى ، _c1994 |
||
| 300 |
_a399 ص ؛ _c19 سم |
||
| 650 | 0 | 4 | _aالنزاع العربى الاسرائيلى |
| 650 | 0 | 4 | _aالقضية الفلسطينية |
| 650 | 0 | 4 | _aالمقاومة الفلسطينية |
| 650 | 0 | 4 | _aفلسطين المحتلة |
| 650 | 0 | 4 | _aفلسطين - الوضع الدولى |
| 650 | 0 | 4 | _aفلسطين - تاريخ - العصر الحديث - الاحتلال الصهيونى |
| 942 |
_2ddc _cBK |
||
| 999 |
_c9474 _d9474 |
||